<?xml version="1.0" encoding="UTF-8"?>
<record
    xmlns:xsi="http://www.w3.org/2001/XMLSchema-instance"
    xsi:schemaLocation="http://www.loc.gov/MARC21/slim http://www.loc.gov/standards/marcxml/schema/MARC21slim.xsd"
    xmlns="http://www.loc.gov/MARC21/slim">

  <leader>01446nam a2200349 a 4500</leader>
  <controlfield tag="001">18921</controlfield>
  <controlfield tag="003">BD-RJUL</controlfield>
  <controlfield tag="005">20211209000346.0</controlfield>
  <controlfield tag="008">140222s1960    enkh          000 0 eng</controlfield>
  <datafield tag="035" ind1=" " ind2=" ">
    <subfield code="a">61-00282</subfield>
  </datafield>
  <datafield tag="035" ind1=" " ind2=" ">
    <subfield code="a">(BD-RJUL)18979</subfield>
  </datafield>
  <datafield tag="040" ind1=" " ind2=" ">
    <subfield code="a">DLC</subfield>
    <subfield code="c">WSU</subfield>
    <subfield code="d">m.c</subfield>
    <subfield code="d">SER</subfield>
    <subfield code="d">EQO</subfield>
    <subfield code="b">eng</subfield>
  </datafield>
  <datafield tag="041" ind1=" " ind2=" ">
    <subfield code="a">eng</subfield>
  </datafield>
  <datafield tag="082" ind1=" " ind2=" ">
    <subfield code="a">822.4</subfield>
    <subfield code="b">FIV 1960</subfield>
  </datafield>
  <datafield tag="100" ind1="1" ind2=" ">
    <subfield code="a">Dobr&#xE9;e, Bonamy,</subfield>
    <subfield code="d">1891-1974 .</subfield>
    <subfield code="9">58341</subfield>
  </datafield>
  <datafield tag="245" ind1="1" ind2="0">
    <subfield code="a">Five heroic plays /</subfield>
    <subfield code="c">edited with an introduction by Bonamy Dobre&#x310;e.</subfield>
  </datafield>
  <datafield tag="260" ind1=" " ind2=" ">
    <subfield code="a">Oxford University Press :</subfield>
    <subfield code="b">London :</subfield>
    <subfield code="c">1960.</subfield>
  </datafield>
  <datafield tag="300" ind1=" " ind2=" ">
    <subfield code="a">xiii, 417 p. :</subfield>
    <subfield code="b">facsims ;</subfield>
    <subfield code="c">16 cm.</subfield>
  </datafield>
  <datafield tag="490" ind1="1" ind2=" ">
    <subfield code="a">World's classics ;</subfield>
    <subfield code="v">576</subfield>
  </datafield>
  <datafield tag="505" ind1="0" ind2=" ">
    <subfield code="a">The tragedy of Mustapha, by R. Boyle, 1st earl of Orrery.--The Empress of Morocco, by E. Settle.--The destruction of Jerusalem, pt. II, by J. Crowne.--Sophonisba, by N. Lee.--Aureng-Zebe, by J. Dryden.</subfield>
  </datafield>
  <datafield tag="650" ind1=" " ind2="0">
    <subfield code="a">English drama</subfield>
    <subfield code="y">Restoration, 1660-1700.</subfield>
    <subfield code="9">58342</subfield>
  </datafield>
  <datafield tag="830" ind1=" " ind2="0">
    <subfield code="v">576</subfield>
    <subfield code="9">58357</subfield>
  </datafield>
  <datafield tag="700" ind1="1" ind2="2">
    <subfield code="a">Orrery, Roger Boyle,</subfield>
    <subfield code="c">Earl of,</subfield>
    <subfield code="d">1621-1679.</subfield>
    <subfield code="t">Mustapha, the son of Solyman the Magnificent.</subfield>
    <subfield code="9">58344</subfield>
  </datafield>
  <datafield tag="700" ind1="1" ind2="2">
    <subfield code="a">Settle, Elkanah,</subfield>
    <subfield code="d">1648-1724.</subfield>
    <subfield code="t">Empress of Morocco.</subfield>
    <subfield code="9">58345</subfield>
  </datafield>
  <datafield tag="700" ind1="1" ind2="2">
    <subfield code="a">Crown,</subfield>
    <subfield code="c">Mr.</subfield>
    <subfield code="q">(John),</subfield>
    <subfield code="d">1640?-1712.</subfield>
    <subfield code="t">Destruction of Jerusalem,</subfield>
    <subfield code="n">pt. 2.</subfield>
    <subfield code="9">58346</subfield>
  </datafield>
  <datafield tag="700" ind1="1" ind2="2">
    <subfield code="a">Lee, Nathaniel,</subfield>
    <subfield code="d">1653?-1692.</subfield>
    <subfield code="t">Sophonisba.</subfield>
    <subfield code="9">58347</subfield>
  </datafield>
  <datafield tag="700" ind1="1" ind2="2">
    <subfield code="a">Dryden, John,</subfield>
    <subfield code="d">1631-1700.</subfield>
    <subfield code="t">Aureng-Zebe.</subfield>
    <subfield code="9">58348</subfield>
  </datafield>
  <datafield tag="830" ind1=" " ind2="0">
    <subfield code="a">World's classics ;</subfield>
    <subfield code="9">58358</subfield>
  </datafield>
  <datafield tag="942" ind1=" " ind2=" ">
    <subfield code="2">ddc</subfield>
    <subfield code="c">BK</subfield>
  </datafield>
  <datafield tag="999" ind1=" " ind2=" ">
    <subfield code="c">18921</subfield>
    <subfield code="d">18921</subfield>
  </datafield>
  <datafield tag="952" ind1=" " ind2=" ">
    <subfield code="0">0</subfield>
    <subfield code="1">0</subfield>
    <subfield code="2">ddc</subfield>
    <subfield code="4">0</subfield>
    <subfield code="7">1</subfield>
    <subfield code="8">FIC</subfield>
    <subfield code="a">RUCL</subfield>
    <subfield code="b">RUCL</subfield>
    <subfield code="c">Reading</subfield>
    <subfield code="d">1968-06-27</subfield>
    <subfield code="e">Sweets &amp; Zeitlinger</subfield>
    <subfield code="g">10.60</subfield>
    <subfield code="l">0</subfield>
    <subfield code="o">822.4 FIV 1960</subfield>
    <subfield code="r">2014-02-22 00:00:00</subfield>
    <subfield code="t">C-1</subfield>
    <subfield code="w">2014-02-22</subfield>
    <subfield code="y">BK</subfield>
  </datafield>
</record>
